000 00311nam a22001337a 4500
008 171017b xxu||||| |||| 00| 0 eng d
020 _a9780131914353
041 _aeng
080 _211 ED
_a331.101.262
100 _a52
101 _aBNJ
245 _aORGANIZATIONAL BEHAVIOR
_cROBBINS.S.P
942 _2udc
_cBK
999 _c34377
_d34377